000 01454nam a2200361 c 4500
003 BLK
005 20231128090351.0
008 180413b bul|||||r ||||||| ||bul||
010 _aKNG00023036000
020 _a954-8610-23-Х
_bиздат.: Лира Принт
040 _aBLK
041 _aBUL
_cBUL
080 _aАмериканска литература (на САЩ)
_b821.111(73)
_x-312.9
_z821.111(73)-312.9
100 1 _aРезник, Майк
_eпърви автор
_9243630
700 _aМиланова, Силвана Спасова
_d1961-
_9486790
139 _aРезник, Майк
_bР 46
245 1 0 _aИнферно
_bХроника на един далечен свят : Роман
_cМайк Резник; прев. Силвана Миланова.
257 _aUSA
260 София
_bЛира Принт
_c1998
_fСофия : Балкан прес
300 _a176 с.
_c20 см
380 _aX
490 1 _aФантастика
490 1 _3Подсерия
_aХроника на човешкия вид
_v7
500 _aОриг. загл. Inferno / Mike Resnick. - 2 200 тир.
653 _aфантастика
653 _aромани
852 _aЦб 196486
856 4 _qpdf
_u
856 4 _qpdf
_u
942 _cKNG
_n0
_01
944 _aCR
_c15.01.2003
_lТеодора Пейчева-Дянкова
_k30556
944 _aED
_c25.09.2017
_lф /
_kЛюдмила_Стоянова
999 _c20794
_d20794